| 000 | 01439nam0a22003251 4500 | ||
|---|---|---|---|
| 001 | rc\395995 | ||
| 005 | 20250621071547.0 | ||
| 010 |
_a5-7740-0352-3 _91400 |
||
| 035 | _a(NLR Aleph) 005645241 | ||
| 090 |
_a6711973 _c6711973 |
||
| 100 | _a20030616d1989 |||y0rusy50 ca | ||
| 101 | 0 | _arus | |
| 102 | _aRU | ||
| 105 | _ay ||||||||| | ||
| 200 | 1 |
_aИменослов _eСтихи, поэмы _fНаталья Сагань |
|
| 210 |
_aДонецк _cДонбас _d1989 |
||
| 215 |
_a61, [2] с. _d17 |
||
| 327 | 1 | _aСодерж.: Циклы: В полустертом моем сне; Люди добрые; Сестринское монисто; Заклинание; Свет юности: Поэма; Наталья, Анна...: Поэма-эссе | |
| 464 | 0 |
_12001#$aВ полустертом моем сне _tВ полустертом моем сне |
|
| 464 | 0 |
_12001#$aЛюди добрые _tЛюди добрые |
|
| 464 | 0 |
_12001#$aСестринское монисто _tСестринское монисто |
|
| 464 | 0 |
_12001#$aЗаклинание _tЗаклинание |
|
| 464 | 0 |
_12001#$aСвет юности _tСвет юности |
|
| 464 | 0 |
_12001#$aНаталья, Анна... _tНаталья, Анна... |
|
| 700 | 1 |
_aСагань _bН.К. _gНаталья Константиновна |
|
| 801 | 0 |
_aRU _bNLR _gpsbo |
|
| 801 | 1 |
_aRU _bELAR _2rusmarc |
|
| 852 |
_aNLR _j89-2/3488 |
||
| 942 | _cBOOK | ||
| 980 | _aNB | ||